<?xml version='1.0' encoding='UTF-8'?>
  <record xmlns="http://www.loc.gov/MARC21/slim">
    <leader>00000cam a2200000 i 4500</leader>
    <controlfield tag="001">ocm14862092</controlfield>
    <controlfield tag="003">OCoLC</controlfield>
    <controlfield tag="005">20250921232835.9</controlfield>
    <controlfield tag="008">820821s1878    ne a     b    000 0 gerd </controlfield>
    <datafield tag="040" ind1=" " ind2=" ">
      <subfield code="a">NLM</subfield>
      <subfield code="b">eng</subfield>
      <subfield code="e">rda</subfield>
      <subfield code="c">NLM</subfield>
      <subfield code="d">OCLCQ</subfield>
      <subfield code="d">DEBBG</subfield>
      <subfield code="d">NLM</subfield>
      <subfield code="d">OCLCO</subfield>
      <subfield code="d">OCLCA</subfield>
      <subfield code="d">OCLCO</subfield>
      <subfield code="d">OCLCF</subfield>
      <subfield code="d">OCLCO</subfield>
      <subfield code="d">OCLCL</subfield>
      <subfield code="d">OCLCO</subfield>
      <subfield code="d">NDD</subfield>
      <subfield code="d">OCLCO</subfield>
      <subfield code="d">OCLCL</subfield>
      <subfield code="d">OCLCO</subfield>
    </datafield>
    <datafield tag="016" ind1="7" ind2=" ">
      <subfield code="a">65550260R</subfield>
      <subfield code="2">DNLM</subfield>
    </datafield>
    <datafield tag="029" ind1="0" ind2=" ">
      <subfield code="a">NLM</subfield>
      <subfield code="b">65550260R</subfield>
    </datafield>
    <datafield tag="029" ind1="1" ind2=" ">
      <subfield code="a">DEBBG</subfield>
      <subfield code="b">BV017054013</subfield>
    </datafield>
    <datafield tag="029" ind1="1" ind2=" ">
      <subfield code="a">GEBAY</subfield>
      <subfield code="b">8478937</subfield>
    </datafield>
    <datafield tag="029" ind1="1" ind2=" ">
      <subfield code="a">NLGGC</subfield>
      <subfield code="b">064996735</subfield>
    </datafield>
    <datafield tag="035" ind1=" " ind2=" ">
      <subfield code="a">(OCoLC)14862092</subfield>
    </datafield>
    <datafield tag="060" ind1="0" ind2="0">
      <subfield code="a">WG</subfield>
      <subfield code="b">I78p 1878</subfield>
    </datafield>
    <datafield tag="090" ind1=" " ind2=" ">
      <subfield code="a">QP105</subfield>
      <subfield code="b">.I843 1878</subfield>
    </datafield>
    <datafield tag="100" ind1="1" ind2=" ">
      <subfield code="a">Isebree Moens, A.</subfield>
      <subfield code="q">(Adriaan),</subfield>
      <subfield code="e">author.</subfield>
      <subfield code="1">https://id.oclc.org/worldcat/entity/E39PCjKPhqB9Hqvy7rg9D6c8wd</subfield>
    </datafield>
    <datafield tag="245" ind1="1" ind2="4">
      <subfield code="a">Die Pulscurve /</subfield>
      <subfield code="c">von Dr. A. Isebree Moens, Assistenten am physiol. Institut der Univesität Leiden.</subfield>
    </datafield>
    <datafield tag="264" ind1=" " ind2="1">
      <subfield code="a">Leiden :</subfield>
      <subfield code="b">E.J. Brill,</subfield>
      <subfield code="c">1878.</subfield>
    </datafield>
    <datafield tag="300" ind1=" " ind2=" ">
      <subfield code="a">4 unnumbered pages, 145 pages, 1 unnumbered page :</subfield>
      <subfield code="b">illustrations ;</subfield>
      <subfield code="c">23 cm</subfield>
    </datafield>
    <datafield tag="336" ind1=" " ind2=" ">
      <subfield code="a">text</subfield>
      <subfield code="b">txt</subfield>
      <subfield code="2">rdacontent</subfield>
    </datafield>
    <datafield tag="336" ind1=" " ind2=" ">
      <subfield code="a">still image</subfield>
      <subfield code="b">sti</subfield>
      <subfield code="2">rdacontent</subfield>
    </datafield>
    <datafield tag="337" ind1=" " ind2=" ">
      <subfield code="a">unmediated</subfield>
      <subfield code="b">n</subfield>
      <subfield code="2">rdamedia</subfield>
    </datafield>
    <datafield tag="338" ind1=" " ind2=" ">
      <subfield code="a">volume</subfield>
      <subfield code="b">nc</subfield>
      <subfield code="2">rdacarrier</subfield>
    </datafield>
    <datafield tag="504" ind1=" " ind2=" ">
      <subfield code="a">Includes bibliographical references.</subfield>
    </datafield>
    <datafield tag="650" ind1=" " ind2="0">
      <subfield code="a">Blood flow.</subfield>
    </datafield>
    <datafield tag="650" ind1=" " ind2="0">
      <subfield code="a">Coronary arteries.</subfield>
    </datafield>
    <datafield tag="650" ind1=" " ind2="0">
      <subfield code="a">Pulse.</subfield>
    </datafield>
    <datafield tag="650" ind1=" " ind2="2">
      <subfield code="a">Blood Flow Velocity</subfield>
    </datafield>
    <datafield tag="650" ind1=" " ind2="2">
      <subfield code="a">Coronary Vessels</subfield>
    </datafield>
    <datafield tag="650" ind1=" " ind2="2">
      <subfield code="a">Pulse</subfield>
    </datafield>
    <datafield tag="650" ind1=" " ind2="6">
      <subfield code="a">Sang</subfield>
      <subfield code="x">Débit.</subfield>
    </datafield>
    <datafield tag="650" ind1=" " ind2="6">
      <subfield code="a">Artères coronaires.</subfield>
    </datafield>
    <datafield tag="650" ind1=" " ind2="6">
      <subfield code="a">Pouls.</subfield>
    </datafield>
    <datafield tag="650" ind1=" " ind2="7">
      <subfield code="a">Blood flow</subfield>
      <subfield code="2">fast</subfield>
    </datafield>
    <datafield tag="650" ind1=" " ind2="7">
      <subfield code="a">Coronary arteries</subfield>
      <subfield code="2">fast</subfield>
    </datafield>
    <datafield tag="650" ind1=" " ind2="7">
      <subfield code="a">Pulse</subfield>
      <subfield code="2">fast</subfield>
    </datafield>
    <datafield tag="710" ind1="2" ind2=" ">
      <subfield code="a">E.J. Brill (Firm),</subfield>
      <subfield code="e">publisher.</subfield>
      <subfield code="1">https://id.oclc.org/worldcat/entity/E39QQPVp7WRBJp3KTGH4FHP7gg</subfield>
    </datafield>
    <datafield tag="752" ind1=" " ind2=" ">
      <subfield code="a">Netherlands</subfield>
      <subfield code="d">Leiden,</subfield>
      <subfield code="e">publication place.</subfield>
      <subfield code="2">naf</subfield>
    </datafield>
    <datafield tag="758" ind1=" " ind2=" ">
      <subfield code="i">has work:</subfield>
      <subfield code="a">Die Pulscurve (Text)</subfield>
      <subfield code="1">https://id.oclc.org/worldcat/entity/E39PCGdghxCQqcJj7xBfWxhjyb</subfield>
      <subfield code="4">https://id.oclc.org/worldcat/ontology/hasWork</subfield>
    </datafield>
    <datafield tag="776" ind1="0" ind2="8">
      <subfield code="i">Also issued on microfilm.</subfield>
      <subfield code="d">[Bethesda, Md.] : National Library of Medicine, 1994.</subfield>
      <subfield code="h">1 microfilm reel : negative ; 35 mm.</subfield>
    </datafield>
    <datafield tag="776" ind1="0" ind2="8">
      <subfield code="i">Online version:</subfield>
      <subfield code="a">Isebree Moens, A. (Adriaan)</subfield>
      <subfield code="t">Pulscurve.</subfield>
      <subfield code="d">Leiden : E.J. Brill, 1878</subfield>
      <subfield code="w">(OCoLC)1084295004</subfield>
    </datafield>
    <datafield tag="856" ind1="4" ind2="1">
      <subfield code="u">http://mdz-nbn-resolving.de/urn:nbn:de:bvb:12-bsb11368941-7</subfield>
      <subfield code="x">Resolving-System</subfield>
      <subfield code="z">kostenfrei</subfield>
      <subfield code="3">Volltext // Exemplar mit der Signatur: München, Bayerische Staatsbibliothek -- Anat. 296 p</subfield>
    </datafield>
  </record>